Population balances in biomedical engineering segregation through the distribution of cell states

The process of separating and classifying individual cell populations is one of the most critical and difficult tasks faced by engineers and scientists when creating biomaterials. To this end, many engineers and researchers use population balance modeling to achieve accurate counts of any population...

詳細記述

保存先:
書誌詳細
第一著者: Hjortsø,Martin A
フォーマット: 図書
言語:Undetermined
出版事項: New York McGraw-Hill Companies, Inc. 2006
主題:
タグ: タグ追加
タグなし, このレコードへの初めてのタグを付けませんか!
Thư viện lưu trữ: Trung tâm Học liệu Trường Đại học Cần Thơ
LEADER 01180nam a2200217Ia 4500
001 CTU_138009
008 210402s9999 xx 000 0 und d
020 |c 165.00 
082 |a 571.6011 
082 |b H677 
100 |a Hjortsø,Martin A 
245 0 |a Population balances in biomedical engineering 
245 0 |b segregation through the distribution of cell states 
245 0 |c Martin A Hjortsø 
260 |a New York 
260 |b McGraw-Hill Companies, Inc. 
260 |c 2006 
520 |a The process of separating and classifying individual cell populations is one of the most critical and difficult tasks faced by engineers and scientists when creating biomaterials. To this end, many engineers and researchers use population balance modeling to achieve accurate counts of any population. This resource focuses on overcoming obstacles to help researchers and scientists build computer models that accurately approximate properties and classification of different populations. 
650 |a Biological models,Cell division,Biomedical Engineering,Mô hình sinh vật học 
904 |i Hồng Nhung 
980 |a Trung tâm Học liệu Trường Đại học Cần Thơ